000 00474nam a22001817a 4500
999 _c524749
_d524749
003 NUST
020 _a-
038 _aZafar Malik
082 _a891.42
_bMAL
100 _aMalik, Amin
_914986
245 _aMain Hanjoo Kehri Akh Da /
_cAmin Malik
260 _aLahore :
_bBholaikha Publishers ;
_c2003.
300 _a231 p. ;
500 _aHardcover
880 _6100-02\r
_aامین ملک
880 _6245-02\r
_aمیں ھنجو کہڑی اکھ دا
942 _2ddc
_cBK